=LDR 00000nam 2200000 4500 =001 INLIS000000000019442 =005 20200227023259 =035 ##$$a 0010-061300000019442 =008 200227################g##########0#ind## =041 ##$$a Ind =082 ##$$a 100 =090 ##$$a 100, Sur f =100 ##$$a Suryomentaram, Ki Ageng =245 1#$$a Falsafah hidup bahagia, : $b jalan menuju aktualisasi diri Jil.2 /$c Ki Ageng Suryo Mentaram =260 ##$$a Jakarta :$b Gramedia,$c 2003 =300 ##$$a xiii, 239 hlm, ; $c 21 x 14 cm =650 #4$$a Falsafah =850 ##$$a NBPNMAT =084 ##$$a 158.1 SUR f =700 #$$a Alih bahasa, Ki Oto Suastika =990 ##$$a 10607047 =990 ##$$a 10607046 =990 ##$$a 10607048 =990 ##$$a 10607049 =990 ##$$a 10541054 =990 ##$$a 20613157 =990 ##$$a 10607047 =990 ##$$a 10607046 =990 ##$$a 10607048 =990 ##$$a 10607049